[Event "Cholet-D"]
[Site "Cholet"]
[Date "2011.03.11"]
[Round "9"]
[White "Pinet, Jerome"]
[Black "Barre, Laurent"]
[Result "1-0"]
[WhiteElo "1520"]
[BlackElo "1474"]
[PlyCount "63"]
[EventDate "2011.03.05"]
[EventType "tourn"]
[EventRounds "9"]
[EventCountry "FRA"]
[SourceTitle "EXT 2012"]
[Source "ChessBase"]
[SourceDate "2011.11.24"]
[SourceVersion "1"]
[SourceVersionDate "2011.11.24"]
[SourceQuality "1"]

1. d4 d5 2. Nf3 Nf6 3. c4 c6 4. Bf4 e6 5. Nc3 dxc4 6. e4 Be7 7. Bxc4 Nbd7 8. a4 Bb4 9. Qc2 Qa5 10. 0-0 Qh5 11. Ne2 Qa5 12. Ne5 Qd8 13. Rfd1 Qa5 14. Bd3 Nh5 15. Nc4 Qd8 16. Bd6 Ba5 17. e5 Bc7 18. Bxc7 Qxc7 19. Nd6+ Ke7 20. g4 g6 21. gxh5 gxh5 22. Kh1 c5 23. b4 f5 24. Qd2 Rg8 25. f3 b6 26. Qf4 Bb7 27. Be4 Bxe4 28. Qh4+ Kf8 29. fxe4 Rg4 30. Qxh5 Nf6 31. Qh6+ Rg7 32. Qxf6+ 1-0